000 00440nam a2200169Ia 4500
005 20250508152323.0
008 008 250505s9999 xx 000 0 hin d
037 _aTextual
040 _aFEDL
_beng
_cFEDL
041 _ahin
_2eng
084 _a891.432, BHA
_qFEDL
245 0 _aUdhar ka pati
260 _aDelhi, India
_bAtma Ram and Sons
300 _a58p.
942 _cTEXL
_h891.432, BHA
999 _c1335707
_d1335707